书目信息 |
| 题名: |
房屋建筑学课程设计指导
|
|
| 作者: | 崔艳秋 , 姜丽荣 主编 | |
| 分册: | ||
| 出版信息: | 北京 中国建筑工业出版社 1999.12 |
|
| 页数: | 189页 | |
| 开本: | 16开 | |
| 丛书名: | ||
| 单 册: | ||
| 中图分类: | TU22 | |
| 科图分类: | ||
| 主题词: | 建筑构造--结构设计 | |
| 电子资源: | ||
| ISBN: | 7-112-03875-8 | |
| 000 | 00606nam0 2200193 45 | |
| 001 | 0011191064 | |
| 005 | 20081024155847.46 | |
| 010 | @a7-112-03875-8@d14.50元 | |
| 100 | @a20001119d1999 km y0chiy0120 ea | |
| 101 | 0 | @achi |
| 200 | 1 | @a房屋建筑学课程设计指导@AFang Wu Jian Zhu Xue Ke Cheng She Ji Zhi Dao@f崔艳秋,姜丽荣主编@FCui Yan Qiu,Jiang Li Rong Zhu Bian |
| 210 | @a北京@c中国建筑工业出版社@d1999.12 | |
| 215 | @a189页@d16开 | |
| 606 | 0 | @a建筑构造@x结构设计 |
| 690 | @aTU22@v3 | |
| 701 | 0 | @a崔艳秋@4主编 |
| 701 | 0 | @a姜丽荣@4主编 |
| 801 | @aCN@bPftUser@c20081024 | |
| 905 | @dTU22@eC695@b519502-506@f5 | |
| 房屋建筑学课程设计指导/崔艳秋,姜丽荣主编.-北京:中国建筑工业出版社,1999.12 |
| 189页;16开 |
| ISBN 7-112-03875-8:14.50元 |
| ● |
| 相关链接 |
|
|
|
正题名:房屋建筑学课程设计指导
索取号:TU22/C695
 
预约/预借
| 序号 | 登录号 | 条形码 | 馆藏地/架位号 | 状态 | 备注 |
| 1 | 459904 | 204599041 | 期刊室512/101建筑库 19排2列4层/ [索取号:TU22/C695] | 在馆 | |
| 2 | 459905 | 204599050 | 建筑库101/101建筑库 45排4列4层/ [索取号:TU22/C695] | 在馆 | |
| 3 | 459906 | 204599069 | 建筑库101/101建筑库 45排4列4层/ [索取号:TU22/C695] | 在馆 | |
| 4 | 459907 | 204599078 | 建筑库101/101建筑库 45排4列4层/ [索取号:TU22/C695] | 在馆 | |
| 5 | 459908 | 204599087 | 建筑库101/101建筑库 45排4列4层/ [索取号:TU22/C695] | 在馆 | |
| 6 | 459909 | 204599096 | 建筑库101/101建筑库 45排4列4层/ [索取号:TU22/C695] | 在馆 | |
| 7 | 519502 | 205195028 | 自科二线404/404自科库 13排5列2层/ [索取号:TU22/C695] | 在馆 | |
| 8 | 519503 | 205195037 | 建筑库101/101建筑库 45排4列4层/ [索取号:TU22/C695] | 在馆 | |
| 9 | 519504 | 205195046 | 建筑库101/101建筑库 45排4列4层/ [索取号:TU22/C695] | 在馆 | |
| 10 | 519505 | 205195055 | 建筑库101/101建筑库 45排4列4层/ [索取号:TU22/C695] | 在馆 | |
| 11 | 519506 | 205195064 | 建筑库101/101建筑库 45排4列4层/ [索取号:TU22/C695] | 在馆 |